Länder Asiens im Jahre 1900 auf einer Karte - Statistiken

Allgemein
  • Dieses Quiz wurde 2.926 mal gespielt
  • Das Durchschnittsergebnis liegt bei 9 aus 13
Antworten auf der Karte
Die Antworten werden auf der Karte rot bzw. grün angezeigt, abhängig davon wie oft sie richtig erraten wurden.
 
Antwortstatistiken
Länder % Korrekt
Qing Dinastie
100%
Japan
98%
Russisches Zarenreich
98%
Persien
96%
Korea
95%
Nepal
94%
Siam
94%
Bhutan
87%
Osmanisches Reich
85%
Aceh
8%
Aden
7%
Jabal Shammar
4%
Champasak
1%
Keine übereinstimmenden Quizze gefunden
Verteilung der Resultate
Anzahl Personen mit jedem Resultat
Perzentil nach korrekt beantworteten Fragen
Ihre Resultats-Entwicklung
Sie haben dieses Quiz noch nicht gespielt